000 00558 a2200193 4500
001 62227
005 20260407155916.0
008 260407a1981 arg spa d
003 AR-UNSa-BCEJYS
040 _aAR-UNSa-BCEJYS
_bspa
_cAR-UNSa-BCEJYS
080 _a349.2
_xDerecho del Trabajo
245 1 0 _aLos menores y las mujeres en el derecho del trabajo
264 1 _aBuenos Aires :
_bAstrea
_c1981
300 _axxiii, 345 p.
_c23 cm.
041 _aspa
942 _cBK
590 _aniveau_biblio:m niveau_hierar:0
100 1 _aMartínez Vivot, Julio José
999 _c7618
_d7618